Rozhodujúce sú tvorivé činy

Bibliographic Details
Main Author: Kováč, Mikuláš, 1934-1992 (Author)
Format: Article
Language:Slovak
PhysicalDescription:Fot. 1.
Subjects:

MARC

LEADER 00000nab a2200000 a 4500
001 vtls000112833
003 SK-MaSNL
005 20260426094007.0
008 111104c1982 xo 0 slo
015 |a SNBRB19rr/mm-uuuuu 
035 |a CL0122936 
040 |a SNKBUCL  |b slo  |c SNKBUCL  |e AACR2 
041 0 |a slo 
044 |a xo  |c SK 
080 |a 82:061.3:885.4  |2 1981 
080 |a 061.3  |2 1981 
080 |a 885.4  |2 1981 
080 |a 82  |2 1981 
080 |a 008  |2 1981 
100 1 |a Kováč, Mikuláš,  |d 1934-1992  |4 aut  |9 26400 
245 1 0 |a Rozhodujúce sú tvorivé činy  |c Mikuláš Kováč 
300 |b Fot. 1. 
500 |a Pod spoločným názvom Na ceste rozvoja socialistickej literatúry. 
610 2 7 |a Zväz slovenských spisovateľov  |2 snkbucl  |9 159767 
650 0 7 |a literatúra a spoločnosť  |2 snkbucl  |9 64420 
651 7 |a Bratislava (Slovensko)  |2 snkbucl  |9 14568 
655 7 |a články z novín a časopisov  |2 snkbucl  |9 267496 
655 7 |a články z odboru literárna veda a krásna literatúra  |2 snkbucl  |9 770045 
773 0 |t Pravda  |g Roč. 63, č. 49 (27. 2. 1982), s. 5 
850 |a Slovenská národná knižnica v Martine  |a MTA001 
852 |a SNK  |b KIS3GCP 
958 |a RK 
958 |a LX 
992 |a RBX 
999 |c 3122016  |d 3123946